<?xml version="1.0" encoding="UTF-8"?>
<record
    xmlns:xsi="http://www.w3.org/2001/XMLSchema-instance"
    xsi:schemaLocation="http://www.loc.gov/MARC21/slim http://www.loc.gov/standards/marcxml/schema/MARC21slim.xsd"
    xmlns="http://www.loc.gov/MARC21/slim">

  <leader>02081nam a2200229Ia 4500</leader>
  <controlfield tag="003">OSt</controlfield>
  <controlfield tag="005">20251114101041.0</controlfield>
  <controlfield tag="008">210210b2018   xxu||||| |||| 00| 0 eng d</controlfield>
  <datafield tag="040" ind1=" " ind2=" ">
    <subfield code="c">AL</subfield>
  </datafield>
  <datafield tag="041" ind1=" " ind2=" ">
    <subfield code="a">Kannada</subfield>
  </datafield>
  <datafield tag="082" ind1=" " ind2=" ">
    <subfield code="a">398.2K GANS</subfield>
  </datafield>
  <datafield tag="100" ind1=" " ind2=" ">
    <subfield code="a">GANESH AMIN SANKAMAR</subfield>
    <subfield code="9">132142</subfield>
    <subfield code="d"> &#xC97;&#xCA3;&#xCC7;&#xCB6;&#xCCD; &#xC85;&#xCAE;&#xCC0;&#xCA8;&#xCCD; &#xCB8;&#xC82;&#xC95;&#xCAE;&#xCBE;&#xCB0;&#xCCD;</subfield>
  </datafield>
  <datafield tag="245" ind1=" " ind2=" ">
    <subfield code="a">Savirada satyagalu</subfield>
    <subfield code="b">&#xCB8;&#xCBE;&#xCB5;&#xCBF;&#xCB0;&#xCA6; &#xCB8;&#xCA4;&#xCCD;&#xCAF;&#xC97;&#xCB3;&#xCC1; </subfield>
  </datafield>
  <datafield tag="260" ind1=" " ind2=" ">
    <subfield code="a">Mangaluru</subfield>
    <subfield code="b">Siri Prakashana</subfield>
    <subfield code="c">2018</subfield>
  </datafield>
  <datafield tag="300" ind1=" " ind2=" ">
    <subfield code="a">xx,456</subfield>
  </datafield>
  <datafield tag="520" ind1=" " ind2=" ">
    <subfield code="a">&#xCA6;&#xCC8;&#xCB5;&#xCBE;&#xCB0;&#xCBE;&#xCA7;&#xCA8;&#xCC6;&#xC97;&#xCC6; &#xCB8;&#xC82;&#xCAC;&#xC82;&#xCA7;&#xCBF;&#xCB8;&#xCBF;&#xCA6; &#xCA1;&#xCBE;.&#xC97;&#xCA3;&#xCC7;&#xCB6; &#xC85;&#xCAE;&#xCC0;&#xCA8;&#xCCD; &#xCB8;&#xC82;&#xC95;&#xCAE;&#xCBE;&#xCB0;&#xCCD; &#xC85;&#xCB5;&#xCB0; &#xC85;&#xCA7;&#xCCD;&#xCAF;&#xCAF;&#xCA8; &#xC97;&#xCCD;&#xCB0;&#xC82;&#xCA5; &#x2018;&#xCB8;&#xCBE;&#xCB5;&#xCBF;&#xCB0;&#xCA6; &#xCB8;&#xCA4;&#xCCD;&#xCAF;&#xC97;&#xCB3;&#xCC1;&#x2019; &#xCA6;&#xCC8;&#xCB5; &#xC95;&#xC9F;&#xCCD;&#xC9F;&#xCC1;&#xCB5;&#xCB5;&#xCB0;&#xCBF;&#xC97;&#xCC6; &#xCAE;&#xCA4;&#xCCD;&#xCA4;&#xCC1; &#xC86;&#xCA7;&#xCC1;&#xCA8;&#xCBF;&#xC95; &#xCB0;&#xC82;&#xC97;&#xCAD;&#xCC2;&#xCAE;&#xCBF; &#xCAC;&#xCB3;&#xCB8;&#xCC1;&#xCB5;&#xCB5;&#xCB0;&#xCBF;&#xC97;&#xCC6; &#xC85;&#xCA4;&#xCCD;&#xCAF;&#xC82;&#xCA4; &#xC89;&#xCAA;&#xCAF;&#xCC1;&#xC95;&#xCCD;&#xCA4; &#xCB8;&#xCAE;&#xCBE;&#xCB2;&#xCCB;&#xC9A;&#xCA8;&#xCBE; &#xC97;&#xCCD;&#xCB0;&#xC82;&#xCA5;&#xCB5;&#xCBE;&#xC97;&#xCBF;&#xCA6;&#xCC6;. &#xCA4;&#xCC1;&#xCB3;&#xCC1;&#xCA8;&#xCBE;&#xCA1;&#xCBF;&#xCA8; &#xCB8;&#xCC1;&#xCAE;&#xCBE;&#xCB0;&#xCC1; 35 &#xCA6;&#xCC8;&#xCB5;&#xC97;&#xCB3; &#xCA8;&#xCC1;&#xCA1;&#xCBF;&#xC97;&#xCB3;&#xCA8;&#xCCD;&#xCA8;&#xCC1; &#xCA4;&#xCAE;&#xCCD;&#xCAE; &#xCB8;&#xCBE;&#xCB5;&#xCBF;&#xCB0;&#xCA6; &#xCB8;&#xCA4;&#xCCD;&#xCAF;&#xC97;&#xCB3;&#xCC1; &#xC95;&#xCC3;&#xCA4;&#xCBF;&#xCAF; &#xCAE;&#xCC2;&#xCB2;&#xC95; &#xCB8;&#xC82;&#xC97;&#xCCD;&#xCB0;&#xCB9;&#xCBF;&#xCB8;&#xCBF;&#xCA6;&#xCCD;&#xCA6;&#xCBE;&#xCB0;&#xCC6;
&#xC86;&#xCB0;&#xCBE;&#xCA7;&#xCA8;&#xCC6; &#xCA8;&#xCC1;&#xCA1;&#xCBF;&#xC97;&#xC9F;&#xCCD;&#xC9F;&#xCC1;, &#xCAA;&#xCBE;&#xCB0;&#xCBF;, &#xCAE;&#xCA7;&#xCC1;, &#xCAE;&#xCA6;&#xCBF;&#xCAA;&#xCC1;, &#xCAC;&#xCBF;&#xCB0;&#xCCA; &#xCB9;&#xCC7;&#xC97;&#xCBF;&#xCB5;&#xCC6; &#xC8E;&#xC82;&#xCAC;&#xCC1;&#xCA6;&#xCA8;&#xCCD;&#xCA8;&#xCC1; &#xCAE;&#xCC1;&#xC82;&#xCA6;&#xCBF;&#xCA8; &#xCA4;&#xCB2;&#xCC6;&#xCAE;&#xCBE;&#xCB0;&#xCBF;&#xC97;&#xCC6; &#xCA4;&#xCBF;&#xCB3;&#xCBF;&#xCB8;&#xCC1;&#xCB5; &#xCAA;&#xCCD;&#xCB0;&#xCAF;&#xCA4;&#xCCD;&#xCA8; &#xCB6;&#xCCD;&#xCB2;&#xCBE;&#xC98;&#xCA8;&#xCC0;&#xCAF;. &#xCB9;&#xCCA;&#xCB8; &#xC95;&#xCBE;&#xCB2;&#xCA6;&#xCB2;&#xCCD;&#xCB2;&#xCBF; &#xC8E;&#xCB2;&#xCCD;&#xCB2;&#xCB5;&#xCC1; &#xCB9;&#xCCA;&#xCB8; &#xCB0;&#xCC2;&#xCAA; &#xCAA;&#xCA1;&#xCC6;&#xCAF;&#xCC1;&#xCA4;&#xCCD;&#xCA4;&#xCBF;&#xCA6;&#xCC6;. &#xC9C;&#xCA8;&#xCAA;&#xCA6;&#xCB5;&#xCC1; &#xCB5;&#xCC8;&#xCA6;&#xCBF;&#xC95; &#xCB0;&#xCC2;&#xCAA;&#xCBE;&#xC82;&#xCA4;&#xCB0;&#xCB5;&#xCBE;&#xC97;&#xCC1;&#xCA4;&#xCCD;&#xCA4;&#xCBF;&#xCB0;&#xCC1;&#xCB5; &#xCB8;&#xC82;&#xCA6;&#xCB0;&#xCCD;&#xCAD; &#xCA4;&#xCC1;&#xCB3;&#xCC1;&#xCB5;&#xCBF;&#xCA8; &#xCAE;&#xCA3;&#xCCD;&#xCA3;&#xCBF;&#xCA8; &#xCB5;&#xCBE;&#xCB8;&#xCA8;&#xCC6;&#xCAF; &#xCB6;&#xCCD;&#xCB0;&#xCC0;&#xCAE;&#xC82;&#xCA4;&#xCBF;&#xC95;&#xCC6;&#xCAF;&#xCA8;&#xCCD;&#xCA8;&#xCC1;, &#xC85;&#xCAA;&#xCB0;&#xCC2;&#xCAA;&#xCA6; &#xCA4;&#xCC1;&#xCB3;&#xCC1; &#xCAA;&#xCBE;&#xCB0;&#xCBF;&#xCAD;&#xCBE;&#xCB7;&#xCBF;&#xC95; &#xCAA;&#xCA6;&#xCAC;&#xCB3;&#xC95;&#xCC6;&#xCAF;&#xCA8;&#xCCD;&#xCA8;&#xCC1; &#xCA4;&#xCBF;&#xCB3;&#xCBF;&#xCB8;&#xCC1;&#xCB5; &#xC85;&#xCAA;&#xCC2;&#xCB0;&#xCCD;&#xCB5; &#xC97;&#xCCD;&#xCB0;&#xC82;&#xCA5; &#xC87;&#xCA6;&#xCBE;&#xC97;&#xCBF;&#xCA6;&#xCC6;.

</subfield>
  </datafield>
  <datafield tag="650" ind1=" " ind2=" ">
    <subfield code="a">Savirada</subfield>
    <subfield code="9">132143</subfield>
  </datafield>
  <datafield tag="650" ind1=" " ind2=" ">
    <subfield code="a">satyagalu</subfield>
    <subfield code="9">132144</subfield>
  </datafield>
  <datafield tag="690" ind1=" " ind2=" ">
    <subfield code="a">Folklore</subfield>
    <subfield code="9">132145</subfield>
  </datafield>
  <datafield tag="906" ind1=" " ind2=" ">
    <subfield code="a">072632</subfield>
  </datafield>
  <datafield tag="942" ind1=" " ind2=" ">
    <subfield code="2">ddc</subfield>
    <subfield code="c">BK</subfield>
  </datafield>
  <datafield tag="999" ind1=" " ind2=" ">
    <subfield code="c">122557</subfield>
    <subfield code="d">122557</subfield>
  </datafield>
  <datafield tag="952" ind1=" " ind2=" ">
    <subfield code="0">0</subfield>
    <subfield code="1">0</subfield>
    <subfield code="2">ddc</subfield>
    <subfield code="4">0</subfield>
    <subfield code="7">0</subfield>
    <subfield code="8">KAN</subfield>
    <subfield code="a">AL</subfield>
    <subfield code="b">AL</subfield>
    <subfield code="c">SK</subfield>
    <subfield code="d">2021-02-17</subfield>
    <subfield code="g">500.00</subfield>
    <subfield code="l">1</subfield>
    <subfield code="m">1</subfield>
    <subfield code="o">398.2K GANS</subfield>
    <subfield code="p">072632</subfield>
    <subfield code="r">2026-03-28 12:15:43</subfield>
    <subfield code="s">2025-07-29</subfield>
    <subfield code="w">2021-02-17</subfield>
    <subfield code="y">BK</subfield>
  </datafield>
</record>
